000 01516nam a22002537a 4500
005 20240305165453.0
007 cr|||| ||||
008 170912s2017 mx |||||s|||| 00||0 spa d
020 _a978-607-406-896-2
035 _a20585
040 _avLex
090 _c6958
_d6958
100 1 _aNúñez Hernández, Marco Antonio
245 1 0 _aClasificación arancelaría de las mercancías
_h[Recurso electrónico] :
_bCasos prácticos 2017 /
_cMarco Antonio Núñez Hernández
256 _aServicio en línea
260 _aMéxico DF:
_bEdiciones Fiscales ISEF,
_c2017
300 _a1 recurso electrónico
500 _aCLASIFICACIÓN ARANCELARIA DE LAS MERCANCÍAS Casos Prácticos, es una obra pensando en usted, pues el autor, Perito Tercero en Discordia del Tribunal Federal de Justicia Fiscal y Administrativa, guía al clasificador de una manera sencilla, clara y amena, para dar una solución a todos los retos que conlleva el identificar la fracción arancelaria correspondiente a cada mercancía.
506 1 _aDisponible solo en los productos indicados
_dvLex Global
_dvLex Global (Academic Edition, excluding Law Schools)
_dvLex Global (U.S. Academic Edition, Law Schools)
_dvLex Global (U.S. Academic Edition, excluding Law Schools)
_dvLex Global (Academic Edition, Law Schools)
650 0 4 _aDerecho Fiscal
_zMéxico
740 0 _avLex Libros (Servicio en línea)
856 4 0 _uhttps://app.vlex.com/#/sources/clasificacion-arancelaria-de-las-mercancias-casos-practicos-2017-20585
942 _cRAA
999 _c165204
_d165204